Business and transfer taxation : (Record no. 6725)

MARC details
000 -LEADER
fixed length control field 00667nam a22001937a 4500
003 - CONTROL NUMBER IDENTIFIER
control field OSt
005 - DATE AND TIME OF LATEST TRANSACTION
control field 20251203085853.0
008 - FIXED-LENGTH DATA ELEMENTS--GENERAL INFORMATION
fixed length control field 251203b |||||||| |||| 00| 0 eng d
020 ## - INTERNATIONAL STANDARD BOOK NUMBER
International Standard Book Number 978-971-95940-1-7
040 ## - CATALOGING SOURCE
Original cataloging agency DWC-Main lib
Transcribing agency OC
082 ## - DEWEY DECIMAL CLASSIFICATION NUMBER
Edition number 2019 edition
Classification number Fil. 343.05 B216b 2019
100 ## - MAIN ENTRY--PERSONAL NAME
Personal name Banggawan, Rex B.
245 ## - TITLE STATEMENT
Title Business and transfer taxation :
Remainder of title laws principles and applications/
Statement of responsibility, etc. Rex B. Banggawan
250 ## - EDITION STATEMENT
Edition statement 2019 edition
260 ## - PUBLICATION, DISTRIBUTION, ETC.
Place of publication, distribution, etc. Pasay City :
Name of publisher, distributor, etc. Real Excellence Publishing,
Date of publication, distribution, etc. 2019.
300 ## - PHYSICAL DESCRIPTION
Extent 729 pages :
Other physical details illustrations ;
Dimensions 23cm.
650 ## - SUBJECT ADDED ENTRY--TOPICAL TERM
Topical term or geographic name entry element 1. Inheritance and transfer tax.
942 ## - ADDED ENTRY ELEMENTS (KOHA)
Source of classification or shelving scheme Dewey Decimal Classification
Koha item type Book-Filipiniana
Edition 2019 edition
Call number prefix Fil.
Suppress in OPAC No
952 ## - LOCATION AND ITEM INFORMATION (KOHA)
--
952 ## - LOCATION AND ITEM INFORMATION (KOHA)
--
952 ## - LOCATION AND ITEM INFORMATION (KOHA)
--
952 ## - LOCATION AND ITEM INFORMATION (KOHA)
--
952 ## - LOCATION AND ITEM INFORMATION (KOHA)
--
952 ## - LOCATION AND ITEM INFORMATION (KOHA)
--
Holdings
Withdrawn status Lost status Source of classification or shelving scheme Damaged status Not for loan Home library Current library Shelving location Date acquired Source of acquisition Total Checkouts Full call number Barcode Date last seen Copy number Price effective from Koha item type Uniform Resource Identifier
    Dewey Decimal Classification     College Library College Library Filipiniana 03/04/2021 School Fund   Fil. 343.05 B216b 2019 CL52715 12/03/2025 c1 12/03/2025 BK - FIL
    Dewey Decimal Classification     College Library College Library Filipiniana 04/05/2021 School Fund   Fil. 343.05 B216b 2019 CL52820 12/03/2025 c2 12/03/2025 BK - FIL
    Dewey Decimal Classification     College Library College Library Filipiniana 04/05/2021 School Fund   Fil. 343.05 B216b 2019 CL52821 12/03/2025 c3 12/03/2025 BK - FIL
    Dewey Decimal Classification     College Library College Library Filipiniana 04/05/2021 School Fund   Fil. 343.05 B216b 2019 CL52822 12/03/2025 c4 12/03/2025 BK - FIL
    Dewey Decimal Classification     College Library College Library Filipiniana 04/05/2021 School Fund   Fil. 343.05 B216b 2019 CL52823 12/03/2025 c5 12/03/2025 BK - FIL
    Dewey Decimal Classification     College Library College Library Filipiniana 04/05/2021 School Fund   Fil. 343.05 B216b 2019 CL52824 12/03/2025 c6 12/03/2025 BK - FIL